Top 15 dei paesi con decessi Covid-19 - 7 giugno - Statistics

Statistiche generali
  • Questo quiz è stato fatto 3 volte
  • Il punteggio medio è 16 su 20
Statistiche sulle risposte
nazione % Corretto
Brasile
100%
Francia
100%
Germania
100%
India
100%
Italia
100%
Portogallo
100%
Russia
100%
Spagna
100%
Stati Uniti
100%
Belgio
67%
Canada
67%
Iran
67%
Irlanda
67%
Messico
67%
Paesi Bassi
67%
Perù
67%
Regno Unito
67%
Svezia
67%
Svizzera
67%
Ecuador
33%
Nessun quiz corrispondente trovato
Distribuzione punteggi
Percentuale di utenti per punteggio
Percentile per numero di risposta
I tuoi punteggi nel tempo
Non hai fatto questo quiz